000 01196nam a22003377a 4500
003 CHAP
005 20220329141025.0
008 971013s1996 r 00010 d
010 _a61448
011 _a62420
035 _a66594
040 _cCHAP
090 _aTesis
100 0 0 _aGarcía León, Hugo Antonio.
_946194
245 _aControl químico de la pudrición del cuello del crisantemo (Rhizoctonia solani Kuhn.) en Tequexquinahuac, Texcoco, México
260 _aChapingo, Méx. :
_bEl autor,
_c1996
300 _a56 h.
502 _aTesis (Ing. Agr. Esp. en Parasitología Agrícola) -- UACH. Departamento de Parasitología Agrícola
590 _aALEPH
_b10
_c20130110
_lUCH01
_h1342
590 _aBATCH-UPD
_b10
_c20130110
_lUCH01
_h0705
590 _aBATCH-UPD
_b10
_c20130410
_lUCH01
_h0351
590 _aBATCH-UPD
_b10
_c20130914
_lUCH01
_h1057
590 _aCONVERSION
_b10
_c20130109
_lUCH01
_h1333
650 1 4 _aCrisantemo
_xEnfermedades.
_928949
650 1 4 _aFungicidas.
_944044
650 1 4 _aRhizoctonia solani.
_997134
901 _aBK
942 _cFOLL
949 _bBC
_cTES
_d-151813
_eTS1
_h29887
_i66594
_si
949 _bBC
_cTES
_d33724000622189
_eTS2
_fc.2
_h29888
_i66594
_si
999 _c61448
_d61448